Un footballeur pour chaque pays - Lettre P - Statistiques

Statistiques générales
  • Ce quiz a été pris 66 fois
  • Le résultat moyen est 6 sur 12
Statistiques - réponses
Pays Réponses % Correct
Portugal Ronaldo, Figo, Leao, Dias, Silva, Cancelo, Nani, Eusebio, Fernandes, Mendes
100%
Pays de Galles Bale, Giggs, Rush, Ramsey, James, Davies, Wilson, Moore, Ampadu, Brooks
98%
Pays-Bas Cruyff, Van Persie, Van Basten, Gullit, Bergkamp, Van Dijk, Robben, Koeman, De Jong, De Ligt
96%
Pologne Lewandowski, Smolarek, Szczesny, Glik, Dudek, Milik, Zielinski, Krychowiak, Fabianski, Boniek
95%
Paraguay Chilavert, Almiron, Sanabria, Cardozo, Barrios, Cabanas, Balbuena, Santa Cruz, Barreto, Kaku
50%
Pérou Pizarro, Guerrero, Ruidiaz, Farfan, Carrillo, Vargas, Lapadula, Advincula, Tapia, Cubillas
46%
Panama Murillo, Baloy, Torres, Godoy, Diaz, Quintero, Perez, Penedo, Mejia, Tejada
34%
Porto Rico Rivera, Valentin, Saunders, Hernandez, Godette, Boss, Graham, Rosario, Oikkonen, Angking
13%
Palestine Dabbagh, Khalili, Salom, Albahdari, Zatara, Aiesh, Chihadeh, Al Badawi, Awad, Eid
5%
Pakistan Suliman, Yousaf, Essa, Butt, Hanif, Nabi, Hamid, Iqbal, Kayani, Rehman
5%
Papouasie-Nouvelle-Guinée Foster, Davani, Warisan, Kepo, Gunemba, Yasasa, Semmy, Komolong, Muta, Sabua
4%
Philippines Holtmann, Etheridge, Schrock, Obermair, Strauss, Nyholm, Areola, Lucena, Palla, Mulders
4%
Aucun quiz correspondant
Distribution des résultats
% des personnes avec chaque résultat
Percentile par nombre de réponses
Votre historique - résultats
Vous n’avez pas pris ce quiz